Well design : (Record no. 11171)

MARC details
000 -LEADER
fixed length control field 00575nam a22001697a 4500
005 - DATE AND TIME OF LATEST TRANSACTION
control field 20251203121505.0
008 - FIXED-LENGTH DATA ELEMENTS--GENERAL INFORMATION
fixed length control field 251203b ||||| |||| 00| 0 eng d
040 ## - CATALOGING SOURCE
Original cataloging agency AR-FvUNAJ
Modifying agency AR-FvUNAJ
Description conventions aacr2
082 14 - DEWEY DECIMAL CLASSIFICATION NUMBER
Edition number 14
Classification number 622.3382
100 1# - MAIN ENTRY--PERSONAL NAME
9 (RLIN) 3634
Personal name Craft, Benjamin C.
245 10 - TITLE STATEMENT
Title Well design :
Remainder of title drilling and production /
Statement of responsibility, etc B. C. Craft, W. R. Holden, E. D. Graves, Jr.
260 ## - PUBLICATION, DISTRIBUTION, ETC. (IMPRINT)
Place of publication, distribution, etc Englewood Cliffs, N.J.,
Name of publisher, distributor, etc Prentice-Hall,
Date of publication, distribution, etc 1962.
300 ## - PHYSICAL DESCRIPTION
Extent xi, 571 p.
Other physical details illus.
650 #0 - SUBJECT ADDED ENTRY--TOPICAL TERM
9 (RLIN) 3173
Topical term or geographic name as entry element PERFORACION DE POZOS PETROLEROS
650 #0 - SUBJECT ADDED ENTRY--TOPICAL TERM
9 (RLIN) 5260
Topical term or geographic name as entry element POZOS DE PETROLEO
942 ## - ADDED ENTRY ELEMENTS (KOHA)
Source of classification or shelving scheme Dewey Decimal Classification
Item type Libro, folleto, traducción
980 ## - EQUIVALENCE OR CROSS-REFERENCE-SERIES STATEMENT--PERSONAL NAME/TITLE [LOCAL, CANADA]
Linkage 2
Personal name Virginia Figueroa
Field link and sequence number 2
Miscellaneous information Virginia Figueroa
Holdings
Withdrawn status Lost status Source of classification or shelving scheme Damaged status Not for loan Home library Current library Date acquired Source of acquisition Full call number Barcode Date last seen Price effective from Koha item type
    Dewey Decimal Classification     Biblioteca Central Biblioteca Central 03/12/2025 Donación 622.3382 CRAw UNAJ25120005 03/12/2025 03/12/2025 Libro, folleto, traducción

Lunes a Viernes 8:30 a 19:00 hs. Cerrado por mudanza
Av.Calchaqui 6200 Florencio Varela (CP188) 2°piso Edificio Mosconi Aula 209-210
Mail: bibliotecacentralunaj@gmail.com  
Whatsapp(54 9)1122668024    ❔Pregunte a la bibliotecaria
© Universidad Nacional Arturo Jauretche | Secretaría Académica | Biblioteca Central UNAJ